Paesi più vicini a Saint Vincent e Grenadine - Morte improvvisa - Statistics

Statistiche generali
  • Questo quiz è stato fatto 16 volte
  • Il punteggio medio è 6 su 15
Answers on the Grid
Answers color-coded by a green-red scale on the quiz's grid according to % correct below.
Saint Kitts e Nevis
Antigua e Barbuda
Dominica
Saint Lucia
Barbados
Grenada
Trinidad e Tobago
Venezuela
Guyana
Suriname
Brasile
Repubblica Dominicana
Colombia
Haiti
Bahamas
Cuba
Giamaica
Stati Uniti
Messico
Belize
Guatemala
El Salvador
Honduras
Nicaragua
Costa Rica
Panama
Ecuador
Perù
Bolivia
Paraguay
 
Statistiche sulle risposte
Risposta % Corretto
Saint Kitts e Nevis
100%
Antigua e Barbuda
80%
Trinidad e Tobago
80%
Saint Lucia
60%
Barbados
40%
Dominica
40%
Grenada
40%
Repubblica Dominicana
40%
Bahamas
20%
Brasile
20%
Colombia
20%
Guyana
20%
Haiti
20%
Suriname
20%
Venezuela
20%
Nessun quiz corrispondente trovato
Distribuzione punteggi
Percentuale di utenti per punteggio
Percentile per numero di risposta
I tuoi punteggi nel tempo
Non hai fatto questo quiz